| 000 | 02930nam a2200373 a 4500 | ||
|---|---|---|---|
| 008 | 120416s1984 ||||||||||||||||| || u | ||
| 020 | _a0713128828 | ||
| 050 | _aTA 705 Bly | ||
| 100 | _aBlyth, F. G. H. (Francis George Henry) | ||
| 245 | 1 | 2 | _aA geology for engineers |
| 250 | _a7th ed. | ||
| 260 |
_aLondon: _bEdward Arnold _c1984 |
||
| 300 | _ax, 325p. : ill. | ||
| 350 | _a0.00 | ||
| 500 | _aIncludes index. -Bibliography: p. 301-315. | ||
| 650 | 0 | _aENGINEERING GEOLOGY | |
| 700 | _aDe Freitas, M. H | ||
| 856 | _uhttp://www.loc.gov/catdir/description/els032/85204420.html | ||
| 856 | _uhttp://www.loc.gov/catdir/toc/els031/85204420.html | ||
| 995 |
_aANNEX COLLECTION (Main Library) _D0.00 _e737277 _FCBU-MAIN LIBRARY (Kitwe) _H4 _I16.50 _jTA 705 Bly _M5 _UAVAILABLE _y41948 _ZAnnex Low-Usage Collection |
||
| 995 |
_aMAIN LIBRARY OPEN ACCESS _D0.00 _e713477 _FCBU-MAIN LIBRARY (Kitwe) _H1 _I16.50 _jTA 705 Bly _M2 _UAVAILABLE _y013906 _ZMain Library Open Access Collection |
||
| 995 |
_aMAIN LIBRARY OPEN ACCESS _D0.00 _e737278 _FCBU-MAIN LIBRARY (Kitwe) _H3 _I16.50 _jTA 705 Bly _M4 _UAVAILABLE _y41947 _ZMain Library Open Access Collection |
||
| 995 |
_aTEXTBOOKS (MIN.ENG.) _D0.00 _e03329 _FCBU-SCHOOL TEXTBOOK COLLECTIONS _H1 _I0.00 _jSCHOOL TEXTBOOK _M13 _UAVAILABLE _WJul 14, 2009 _y03329 _ZReference Collection |
||
| 995 |
_aTEXTBOOKS (MIN.ENG.) _D0.00 _e03326 _FCBU-SCHOOL TEXTBOOK COLLECTIONS _H1 _I0.00 _jSCHOOL TEXTBOOK _M10 _UAVAILABLE _WJul 14, 2009 _y03326 _ZReference Collection |
||
| 995 |
_aANNEX COLLECTION (Main Library) _D0.00 _e713476 _FCBU-MAIN LIBRARY (Kitwe) _H7 _I16.50 _jTA 705 Bly _M1 _UAVAILABLE _y013905 _ZAnnex Low-Usage Collection |
||
| 995 |
_aANNEX COLLECTION (Main Library) _D0.00 _e737279 _FCBU-MAIN LIBRARY (Kitwe) _H5 _I16.50 _jTA 705 Bly _M6 _UAVAILABLE _y41946 _ZAnnex Low-Usage Collection |
||
| 995 |
_aTEXTBOOKS (MIN.ENG.) _D0.00 _e03328 _FCBU-SCHOOL TEXTBOOK COLLECTIONS _H1 _I0.00 _jSCHOOL TEXTBOOK _M12 _UAVAILABLE _WJul 14, 2009 _y03328 _ZReference Collection |
||
| 995 |
_aTEXTBOOKS (MIN.ENG.) _D0.00 _e03324 _FCBU-SCHOOL TEXTBOOK COLLECTIONS _H1 _I0.00 _jSCHOOL TEXTBOOK _M8 _UAVAILABLE _WJul 14, 2009 _y03324 _ZReference Collection |
||
| 995 |
_aBINDERY (DAMAGED) _D0.00 _e713478 _FCBU-MAIN LIBRARY (Kitwe) _H2 _I16.50 _jTA 705 Bly _M3 _UDAMAGED _y013907 _ZMain Library Open Access Collection |
||
| 995 |
_aTEXTBOOKS (MIN.ENG.) _D0.00 _e03325 _FCBU-SCHOOL TEXTBOOK COLLECTIONS _H1 _I0.00 _jSCHOOL TEXTBOOK _M9 _UAVAILABLE _WJul 14, 2009 _y03325 _ZReference Collection |
||
| 995 |
_aTEXTBOOKS (MIN.ENG.) _D0.00 _e03327 _FCBU-SCHOOL TEXTBOOK COLLECTIONS _H1 _I0.00 _jSCHOOL TEXTBOOK _M11 _UAVAILABLE _WJul 14, 2009 _y03327 _ZReference Collection |
||
| 995 |
_aTEXTBOOKS (MIN.ENG.) _D0.00 _e03226 _FCBU-SCHOOL TEXTBOOK COLLECTIONS _H1 _I0.00 _jSCHOOL TEXTBOOK _M14 _UAVAILABLE _WAug 12, 2009 _y03226 _ZSchool Collections |
||
| 995 |
_aBINDERY (DAMAGED) _D0.00 _e737280 _FCBU-MAIN LIBRARY (Kitwe) _H6 _I16.50 _jTA 705 Bly _M7 _UDAMAGED _y41945 _ZMain Library Open Access Collection |
||
| 999 |
_c75871 _d75871 |
||